Estadísticas para Máximos goleadores de la historia de los mundiales

Haz click aquí para intentar la prueba.

Estadísticas generales

  • Esta prueba ha sido intentada 168 veces
  • La puntuación promedio es 11 de 29

Estadísticas de respuestas

Selección de origenMundiales jugadosGolesJugador% Correcto
Brasil1994, 1998, 2002, 200615Ronaldo Nazario
98%
Brasil1958, 1962, 1966, 197012Pelé
92%
Alemania1970, 197413Gerd Muller
91%
Alemania2010, 2014, 2018, 202210Thomas Müller
91%
Alemania2002, 2006, 2010, 201416Miroslav Klose
86%
Argentina1982, 1986, 1990, 19948Diego Armando Maradona
83%
España2006, 2010, 20149David Villa
78%
Portugal19669Eusebio
66%
Argentina1994, 1998, 200210Gabriel Batistuta
57%
Italia1990, 1994, 19989Roberto Baggio
44%
Brasil1998, 20028Rivaldo
36%
Francia195813Just Fontaine
33%
Inglaterra1986, 199010Gary Lineker
31%
Italia1978, 1982, 19869Paolo Rossi
31%
Perú1970, 1978, 198210Teófilo Cubillas
26%
Alemania1990, 1994, 199811Jürgen Klinsmann
21%
Italia1998, 20029Christian Vieri
17%
Hungría195411Sandor Kocsis
16%
Brasil1966, 1970, 19749Jairzinho
15%
Alemania1978, 1982, 19869Karl-Heinz Rummenigge
15%
Alemania1986, 1990, 19948Rudi Völler
14%
Polonia1974, 1978, 198210Grzegorz Lato
10%
Brasil1958, 19629Vavá
9%
Argentina19308Guillermo Stábile
8%
Alemania1954, 195810Helmut Rahn
6%
Brasil1934, 19388Leônidas
6%
Brasil19508Ademir
4%
Uruguay1950, 19548Óscar Míguez
3%
Alemania1958, 1962, 1966, 19709Uwe Seeler
3%

Distribución de puntuación

Porcentaje por número respondido

Porcentaje de gente con cada puntuación

Historial de tus puntuaciones

No has intentado esta prueba.